Complex approximation

Uloženo v:
Podrobná bibliografie
Hlavní autor: Aupetit, Bernard (Autor)
Médium: Kniha
Jazyk:angličtina
Vydáno: Boston Brikhäuser 1980
Edice:Progress in Mathematics
Témata:
Tagy: Přidat tag
Žádné tagy, Buďte první, kdo vytvoří štítek k tomuto záznamu!

MARC

LEADER 00000nam a2200000 a 4500
001 UCQ8806
003 CL-VaPUC
005 20250221122528.0
008 981217e19800000us 1 eng d
082 0 4 |a 515.9  |b AUP  |2 21 
100 1 |a Aupetit, Bernard  |e author  |9 619210 
245 1 0 |a Complex approximation 
260 |a Boston  |b Brikhäuser  |c 1980 
300 |a 118 p 
490 0 |a Progress in Mathematics 
583 |a last modification  |c 20190821 11:06:28  |k Rodrigo Vera 
650 0 0 |a Funciones de variables complejas  |9 260212 
650 0 0 |a Análisis funcional   |9 269993 
650 0 0 |a Congresos  |9 257560 
650 0 0 |a Análisis complejo   |9 260214 
942 |c BK 
945 |a crobeson  |d 19981217 00:00:00 
546 |a En Inglés 
518 |p Conference on complex approximation, 1, Quebec, 3 al 8 de Julio 
999 |c 383301  |d 383299 
952 |0 0  |1 0  |4 0  |6 515_900000000000000_AUP_1980  |7 0  |8 A  |9 505379  |a BIBMAT  |b BIBMAT  |d 2020-01-23  |i 1305263  |o 515.9 AUP 1980  |p 1305263  |r 2025-01-07  |w 2020-01-23  |y BK  |k MAT